Los Tormentos de la materia: aportes para una ecología política latinoamericana /
Na minha lista:
| Autor principal: | |
|---|---|
| Formato: | Desconhecido |
| Publicado em: |
Buenos Aires:
CLACSO
|
| Assuntos: | |
| Tags: |
Adicionar Tag
Sem tags, seja o primeiro a adicionar uma tag!
|
MARC
| LEADER | 00000 a2200000 04500 | ||
|---|---|---|---|
| 001 | 33479 | ||
| 003 | |||
| 008 | 991231s d | ||
| 040 | |||
| 020 | |a 987-1183-37-2 | ||
| 022 | |a 987-1183-37-2 | ||
| 090 | |a 1001 A411t | ||
| 100 | |a Alimonda, Héctor | ||
| 245 | |a Los Tormentos de la materia: aportes para una ecología política latinoamericana / |c Héctor Alimonda | ||
| 260 | |a Buenos Aires: |b CLACSO | ||
| 300 | |a 274 p. | ||
| 650 | |a DESARROLLO SOSTENIBLE | ||
| 650 | |a GLOBALIZACION | ||
| 650 | |a CONFERENCIAS | ||
| 650 | |a PROTECCION AMBIENTAL | ||
| 650 | |a AMERICA LATINA | ||
| 650 | |a CARIBE | ||
| 999 | |c 11605 |d 11605 | ||



